Matemática 7: Educación Básica
Uloženo v:
| Hlavní autoři: | , |
|---|---|
| Médium: | Kniha |
| Jazyk: | španělština |
| Vydáno: |
Santiago
Santillana
2003
|
| Edice: | Futuro Santillana
|
| Témata: | |
| Tagy: |
Přidat tag
Žádné tagy, Buďte první, kdo vytvoří štítek k tomuto záznamu!
|
MARC
| LEADER | 00000nam a2200000 a 4500 | ||
|---|---|---|---|
| 001 | UCL5852 | ||
| 003 | CL-VaPUC | ||
| 008 | 040319e20030000CL |||||||||||||||||spa|d | ||
| 020 | |a 9561508338 | ||
| 082 | 0 | 4 | |a 372.7 |b SEP |2 21 |
| 100 | 0 | |a Sepúlveda Romero, Gladys |e author |9 483552 | |
| 700 | 0 | |a Solabarrieta Alvarez, Pamela |e author |9 483553 | |
| 245 | 1 | 0 | |a Matemática 7: Educación Básica |
| 300 | |a 287 p | ||
| 942 | |c BK | ||
| 945 | |d 20040319 00:00:00 |a cmena | ||
| 260 | |a Santiago |b Santillana |c 2003 | ||
| 650 | 0 | |a Matemáticas |x Enseñanza |9 875527 | |
| 650 | 0 | |a Educación básica |9 224933 | |
| 650 | 0 | |a Libros de texto |9 270019 | |
| 583 | |a last modification |c 20040319 00:00:00 |k Rodrigo Vera | ||
| 490 | 0 | |a Futuro Santillana | |
| 999 | |c 308233 |d 308231 | ||
| 952 | |0 0 |1 0 |4 0 |6 372_700000000000000_SEP_2003 |7 0 |8 A |9 374576 |a BIBMAT |b BIBMAT |c E_DIDACT |d 2019-11-21 |i 3997626 |o 372.7 SEP 2003 |p 3997626 |r 2025-01-07 |w 2019-11-21 |y BK |k MAT | ||